| 000 | 01004 a2200253 4500 | ||
|---|---|---|---|
| 003 | 0 | ||
| 005 | 20160609163342.0 | ||
| 008 | 120605t xxu||||| |||| 00| 0 eng d | ||
| 040 |
_aBUAC _bFre. _cBUC |
||
| 041 | _aFre. | ||
| 100 |
_lFre _921054 |
||
| 110 |
_aChaire Unesco des Droit de la Personne et de la Démocratie. Bénin _921055 |
||
| 245 |
_aEffectivité des droits économiques, sociaux et culturels : _bfin et moyen du développement _cTextes réunis par Victor Tokpanou, Cyprien Gangnon |
||
| 260 |
_aCotonou _bEd. Agence Intergouvernementale de la francophonie _c2004 |
||
| 300 |
_a295 p. _c22 cm |
||
| 500 | _aLe document est l'acte d'un colloque organisé par l'Observatoire de la diversité et des droits culturels | ||
| 630 |
_aSCIENCES SOCIALES _921056 |
||
| 650 |
_aDroits de l'homme : économie : culture : société _921057 |
||
| 650 |
_aDémocratie : _921058 |
||
| 700 |
_aEd., Tokpanou Victor _921059 |
||
| 700 |
_aangnon, Ed., Cyprien _921060 |
||
| 942 | _cLIVR | ||
| 999 |
_c43054 _d43054 |
||